Normal view MARC view
  • Supervisor Dr. Raja Amer Azim

Entry Corporate Name

Number of records used in: 1

001 - CONTROL NUMBER

  • control field: 84143

003 - CONTROL NUMBER IDENTIFIER

  • control field: NUST

005 - DATE AND TIME OF LATEST TRANSACTION

  • control field: 20211115154933.0

008 - FIXED-LENGTH DATA ELEMENTS

  • fixed length control field: 211115|| aca||aabn | a|a d

040 ## - CATALOGING SOURCE

  • Original cataloging agency: NUST
  • Transcribing agency: NUST

110 ## - HEADING--CORPORATE NAME

  • Corporate name or jurisdiction name as entry element: Supervisor Dr. Raja Amer Azim

670 ## - SOURCE DATA FOUND

  • Source citation: Work cat.: (NUST)586709: Hafiz Zia ur Rahman 83985, TH-SOF-1925-Numerical Investigation of Friction and Wear Characteristics of Surfaces using MoS2 Nanoparticles in PAO, 2021.
© 2023 Central Library, National University of Sciences and Technology. All Rights Reserved.